Mostly Guessed Countries - Sudden Death - Statistics

General Stats
  • This quiz has been taken 31 times
  • The average score is 3 of 19
Answers on the Grid
Answers color-coded by a green-red scale on the quiz's grid according to % correct below.
Albania
Angola
Armenia
Bahamas
Bangladesh
Belarus
Cambodia
Côte d'Ivoire
Cyprus
Dominica
Estonia
Guatemala
Haiti
Kuwait
Lebanon
Madagascar
Malaysia
Monaco
Mongolia
Niger
North Macedonia
Papua New Guinea
Poland
Qatar
Serbia
Singapore
Slovenia
Sudan
Tanzania
Trinidad and Tobago
Turkey
Venezuela
Zimbabwe
 
Answer Stats
Answer % Correct
Turkey
46%
Poland
42%
Albania
23%
Bangladesh
23%
Madagascar
23%
Mongolia
23%
Cambodia
19%
Serbia
19%
Haiti
15%
Malaysia
15%
Niger
15%
Sudan
15%
Dominica
12%
Papua New Guinea
12%
Venezuela
12%
Belarus
8%
Zimbabwe
8%
Estonia
4%
Slovenia
0%
No matching quizzes found
Score Distribution
Percent of People with Each Score
Percentile by Number Answered
Your Score History
You have not taken this quiz